| 000 | 00372nam a2200133Ia 4500 | ||
|---|---|---|---|
| 008 | 230917s9999||||xx |||||||||||||| ||und|| | ||
| 040 |
_e160742 _aMAIN |
||
| 041 | _aEnglish | ||
| 082 | _a658.787 I8I | ||
| 100 | _aNational Restaurant Association | ||
| 245 | 0 | _aInventory and purchasing: Competeny guide | |
| 260 |
_aNew Jersey _bPearson Prentice-Hall _c2007 |
||
| 942 | _cBK | ||
| 999 |
_c152789 _d152789 |
||